Eurovision Final 2025 - Statistics

General Stats
  • This quiz has been taken 38 times
  • The average score is 23 of 26
Answer Stats
Finish Answer % Correct
1 Austria
100%
2 Israel
97%
4 Sweden
94%
3 Estonia
91%
11 Finland
91%
5 Italy
91%
10 Switzerland
91%
19 United Kingdom
91%
23 Denmark
88%
7 France
88%
15 Germany
88%
25 Iceland
88%
13 Latvia
88%
12 Netherlands
88%
14 Poland
88%
6 Greece
84%
16 Lithuania
84%
22 Luxembourg
84%
18 Norway
84%
26 San Marino
84%
9 Ukraine
84%
21 Portugal
81%
24 Spain
81%
8 Albania
78%
20 Armenia
75%
17 Malta
75%
No matching quizzes found
Score Distribution
Percent of People with Each Score
Percentile by Number Answered
Your Score History
You have not taken this quiz